[Event "EU-ch U16 Girls"]
[Site "Prague"]
[Date "2012.08.21"]
[Round "5"]
[White "Bezkorovaina, Marija"]
[Black "Papathanasiou, Elisavet"]
[Result "0-1"]
[WhiteElo "2056"]
[BlackElo "1896"]
[PlyCount "76"]
[EventDate "2012.08.17"]
[EventType "swiss"]
[EventRounds "9"]
[EventCountry "CZE"]
[SourceTitle "OM OTB B 201907"]
[Source "Opening Master"]
[SourceDate "2019.07.06"]
[SourceVersion "2"]
[SourceVersionDate "2019.07.06"]
[SourceQuality "1"]

1. e4 c5 2. Nf3 d6 3. d4 cxd4 4. Nxd4 Nf6 5. Nc3 Nc6 6. Be2 e5 7. Nb3 Be7 8.
O-O O-O 9. f4 Qb6+ 10. Kh1 a5 11. Nd5 Nxd5 12. exd5 Nb4 13. a3 Na6 14. Bd2 a4
15. Ba5 Qa7 16. Nd2 Nc5 17. Nc4 b5 18. Bb6 Qb8 19. Bxc5 bxc4 20. Bb4 Bf6 21. c3
Qc7 22. Qc2 Re8 23. Qe4 Ba6 24. Rf2 exf4 25. Qxf4 Re5 26. Qg4 Rg5 27. Qf4 Re5
28. Qg3 Qe7 29. Raf1 Bh4 30. Qf3 Bxf2 31. Rxf2 Re8 32. Bd1 Bb7 33. Bxa4 Bxd5
34. Qf4 Re1+ 35. Rf1 Rxf1+ 36. Qxf1 Qe1 37. Kg1 Qe5 38. Kh1 Re6 0-1

[Event "Vienna Husek op-A"]
[Site "Vienna"]
[Date "2012.08.19"]
[Round "7"]
[White "Lucaci, Marius"]
[Black "Peek, Marcel"]
[Result "1/2-1/2"]
[WhiteElo "2089"]
[BlackElo "2351"]
[PlyCount "51"]
[EventDate "2012.08.13"]
[EventType "swiss"]
[EventRounds "7"]
[EventCountry "AUT"]
[SourceTitle "OM OTB B 201907"]
[Source "Opening Master"]
[SourceDate "2019.07.06"]
[SourceVersion "2"]
[SourceVersionDate "2019.07.06"]
[SourceQuality "1"]

1. e4 c5 2. Nf3 d6 3. d4 cxd4 4. Nxd4 Nf6 5. Nc3 Nc6 6. Be2 e5 7. Nb3 Be7 8.
Be3 O-O 9. f3 a5 10. Na4 Nd7 11. Bb5 Qc7 12. O-O b6 13. c4 Nc5 14. Nc3 Bb7 15.
Nd5 Qd8 16. Qc2 a4 17. Nxc5 dxc5 18. Bxa4 Nd4 19. Bxd4 exd4 20. Bb5 Bd6 21. a3
Kh8 22. Rae1 Bxd5 23. exd5 Bf4 24. g3 Be3+ 25. Kg2 Ra7 26. Qd3 1/2-1/2

[Event "IBCA-ol blind 14th"]
[Site "Chennai"]
[Date "2012.08.18"]
[Round "8.1"]
[White "Nizam, Rasim"]
[Black "Dukaczewski, Piotr"]
[Result "0-1"]
[WhiteElo "2232"]
[BlackElo "2228"]
[PlyCount "110"]
[EventDate "2012.08.10"]
[EventType "team-swiss"]
[EventRounds "9"]
[EventCountry "IND"]
[SourceTitle "OM OTB B 201907"]
[Source "Opening Master"]
[SourceDate "2019.07.06"]
[SourceVersion "2"]
[SourceVersionDate "2019.07.06"]
[SourceQuality "1"]

1. e4 c5 2. Nf3 d6 3. d4 cxd4 4. Nxd4 Nf6 5. Nc3 Nc6 6. Be2 e5 7. Nb3 a5 8. a4
Be7 9. O-O O-O 10. Be3 Be6 11. Bf3 Nb4 12. Qd2 Qc7 13. Rac1 b6 14. Bg5 Rfd8 15.
Bxf6 Bxf6 16. Rfe1 h6 17. Ra1 Qc4 18. Be2 Qc6 19. Bb5 Qb7 20. Qe2 d5 21. exd5
Nxd5 22. Nxd5 Bxd5 23. f3 Qc7 24. c4 Bb7 25. Red1 e4 26. fxe4 Qe5 27. Re1 Rd6
28. Rac1 Bh4 29. g3 Rg6 30. Rc3 f5 31. exf5 Qxf5 32. Be8 Rxe8 33. Qxe8+ Kh7 34.
Rf1 Qh3 35. Qe2 Be7 36. Re3 Bd6 37. Qc2 h5 38. Rf5 Kh6 39. Qd2 Kh7 40. Qc2 Kh6
41. Qd2 Kh7 42. Qc2 Qg4 43. Rf7 Bc6 44. Qe2 Qh3 45. Qf1 Qh4 46. Qf5 Qxc4 47.
Qxh5+ Rh6 48. Qf5+ Kg8 49. Rd7 Rf6 50. Rd8+ Bf8 51. Qd3 Qxa4 52. Qd4 Qb5 53.
Qd3 Qg5 54. Qc4+ Rf7 55. Qe6 Qxd8 0-1

[Event "Kochan Memorial op 23rd"]
[Site "Koszalin"]
[Date "2012.08.17"]
[Round "8"]
[White "Adamowicz, Katarzyna"]
[Black "Watorek, Marcin"]
[Result "0-1"]
[WhiteElo "2114"]
[BlackElo "2154"]
[PlyCount "66"]
[EventDate "2012.08.11"]
[EventType "swiss"]
[EventRounds "9"]
[EventCountry "POL"]
[SourceTitle "OM OTB B 201907"]
[Source "Opening Master"]
[SourceDate "2019.07.06"]
[SourceVersion "2"]
[SourceVersionDate "2019.07.06"]
[SourceQuality "1"]

1. e4 c5 2. Nf3 d6 3. d4 cxd4 4. Nxd4 Nf6 5. Nc3 Nc6 6. Be2 e5 7. Nb3 Be7 8.
O-O O-O 9. Kh1 a5 10. a4 Nb4 11. f4 Be6 12. Bf3 Rc8 13. Be3 d5 14. fxe5 Nxe4
15. Bd2 Qc7 16. Nxe4 dxe4 17. Bxe4 Nxc2 18. Bxc2 Qxc2 19. Nd4 Qxb2 20. Bxa5 Bd5
21. Qd2 Qxd2 22. Bxd2 Rfd8 23. Be3 Rc3 24. Nf5 Bf8 25. Rfc1 Rxc1+ 26. Rxc1 g6
27. Ng3 Bg7 28. Bg5 Ra8 29. Rc5 Bc6 30. a5 Bf8 31. Rc1 Rxa5 32. Re1 Ra2 33. Ne2
Bb4 0-1

[Event "Roosendaal LBV op-A"]
[Site "Roosendaal"]
[Date "2012.08.17"]
[Round "3"]
[White "Emelianova, Maria"]
[Black "Haast, Mark"]
[Result "0-1"]
[WhiteElo "2113"]
[BlackElo "2278"]
[PlyCount "98"]
[EventDate "2012.08.16"]
[EventType "swiss"]
[EventRounds "6"]
[EventCountry "NED"]
[SourceTitle "OM OTB B 201907"]
[Source "Opening Master"]
[SourceDate "2019.07.06"]
[SourceVersion "2"]
[SourceVersionDate "2019.07.06"]
[SourceQuality "1"]

1. e4 c5 2. Nf3 Nc6 3. d4 cxd4 4. Nxd4 Nf6 5. Nc3 d6 6. Be2 e5 7. Nf5 Nxe4 8.
Nxg7+ Bxg7 9. Nxe4 d5 10. Ng3 Be6 11. h4 Rg8 12. Bg4 Qd7 13. Bh3 O-O-O 14. Bg5
f6 15. Be3 Bxh3 16. Rxh3 d4 17. Bd2 f5 18. Qh5 Rdf8 19. O-O-O e4 20. Bf4 Nb4
21. a3 Nd5 22. Bd2 e3 23. fxe3 dxe3 24. Bxe3 Bxb2+ 25. Kxb2 Qb5+ 26. Kc1 Nxe3
27. Rd3 Nc4 28. Rb3 Qe5 29. Qf3 Qa1+ 30. Rb1 Qxb1+ 31. Kxb1 Nd2+ 32. Kc1 Nxf3
33. gxf3 Rf6 34. f4 Rg4 35. Ne2 Re6 36. Nd4 Re4 37. Nxf5 Rexf4 38. Ne7+ Kd8 39.
Nd5 Rd4 40. Nf6 Rxh4 41. Re3 h5 42. Re8+ Kc7 43. c3 Rd6 44. Re7+ Kc6 45. Ne8
Rg6 46. Kc2 a5 47. Ng7 Rg2+ 48. Kd3 Rh3+ 49. Kc4 Rg4+ 0-1

[Event "MNT-chT"]
[Site "Cetinje"]
[Date "2012.08.08"]
[Round "6"]
[White "Markovic, Danko"]
[Black "Draganic, Veljko"]
[Result "0-1"]
[WhiteElo "1918"]
[BlackElo "2237"]
[PlyCount "102"]
[EventDate "2012.08.03"]
[EventType "team-tourn"]
[EventRounds "9"]
[EventCountry "MNE"]
[SourceTitle "OM OTB B 201907"]
[Source "Opening Master"]
[SourceDate "2019.07.06"]
[SourceVersion "2"]
[SourceVersionDate "2019.07.06"]
[SourceQuality "1"]

1. e4 c5 2. Nf3 Nc6 3. d4 cxd4 4. Nxd4 Nf6 5. Nc3 d6 6. Be2 e5 7. Nb3 Be7 8.
O-O O-O 9. Be3 Be6 10. f4 exf4 11. Bxf4 a5 12. a4 Nb4 13. Nd4 Rc8 14. Bf3 Bc4
15. Re1 d5 16. e5 Ne4 17. Bg4 Bc5 18. Be3 Rc7 19. Bf5 Nxc3 20. bxc3 Nc6 21.
Nxc6 Bxe3+ 22. Rxe3 Rxc6 23. Rg3 g6 24. Rb1 Rb6 25. Bd3 Rxb1 26. Qxb1 Qc7 27.
Bxc4 Qc5+ 28. Kh1 dxc4 29. Qe1 Re8 30. Re3 Re6 31. h3 f6 32. Qg3 Rxe5 33. Rxe5
fxe5 34. Qg5 b6 35. Qd8+ Kg7 36. Qd7+ Kh6 37. Qg4 Qc7 38. Qe6 Kg5 39. Qg4+ Kf6
40. Qe4 Ke6 41. Kh2 Kd6 42. h4 Qf7 43. Kg1 Qd5 44. Qg4 e4 45. Qf4+ Kd7 46. Qh6
Qc5+ 47. Kf1 Qe7 48. h5 Kc6 49. Ke2 Qh4 50. Ke3 Qxh5 51. Qf8 Qc5+ 0-1

[Event "Medellin IRT op"]
[Site "Medellin"]
[Date "2012.08.07"]
[Round "8"]
[White "Vasquez Martinez, Roberto Enr"]
[Black "Osorio, Alejandro"]
[Result "0-1"]
[WhiteElo "2090"]
[BlackElo "1893"]
[PlyCount "88"]
[EventDate "2012.08.03"]
[EventType "swiss"]
[EventRounds "9"]
[EventCountry "COL"]
[SourceTitle "OM OTB B 201907"]
[Source "Opening Master"]
[SourceDate "2019.07.06"]
[SourceVersion "2"]
[SourceVersionDate "2019.07.06"]
[SourceQuality "1"]

1. e4 c5 2. Nf3 Nc6 3. d4 cxd4 4. Nxd4 Nf6 5. Nc3 d6 6. Be2 e5 7. Nf3 h6 8. O-O
Be7 9. Re1 O-O 10. a3 Be6 11. b4 Rc8 12. Bb2 a5 13. b5 Nb8 14. Qd2 Nbd7 15.
Rad1 Nc5 16. Bf1 Qc7 17. h3 Rfd8 18. Qe3 b6 19. Rd2 Qb7 20. g3 Bf8 21. Nh4 g6
22. Kh2 Kh7 23. f4 Qe7 24. f5 Bd7 25. Nd5 Nxd5 26. Rxd5 Be8 27. Ba1 g5 28. Nf3
f6 29. Red1 Bf7 30. R5d2 Qb7 31. Bd3 Kg8 32. Ne1 Be7 33. Ng2 d5 34. exd5 Bxd5
35. Ne1 Qc7 36. Bf1 Bf7 37. Rxd8+ Rxd8 38. Rxd8+ Qxd8 39. Nd3 Nxd3 40. cxd3 Bc5
41. Qc1 Qd7 42. g4 Qd6 43. Bb2 e4+ 44. Kh1 exd3 0-1

[Event "Olomouc Valoz Cup"]
[Site "Olomouc"]
[Date "2012.08.05"]
[Round "6"]
[White "Bae, Torstein"]
[Black "Ponizil, Cyril"]
[Result "1-0"]
[WhiteElo "2420"]
[BlackElo "2396"]
[PlyCount "79"]
[EventDate "2012.08.01"]
[EventType "tourn"]
[EventRounds "11"]
[EventCountry "CZE"]
[EventCategory "7"]
[SourceTitle "OM OTB B 201907"]
[Source "Opening Master"]
[SourceDate "2019.07.06"]
[SourceVersion "2"]
[SourceVersionDate "2019.07.06"]
[SourceQuality "1"]

1. e4 c5 2. Nf3 d6 3. d4 cxd4 4. Nxd4 Nf6 5. Nc3 Nc6 6. Be2 e5 7. Nf3 h6 8. O-O
Be7 9. Re1 O-O 10. h3 Be6 11. Bf1 Rc8 12. b3 Nb8 13. Bb2 a6 14. a4 Nbd7 15. Nd2
Nc5 16. a5 Bd7 17. b4 Ne6 18. Nc4 Rc7 19. Nb6 Nf4 20. Ncd5 N6xd5 21. exd5 Bf5
22. c4 e4 23. g3 Nd3 24. Bxd3 exd3 25. Qf3 Bh7 26. Rad1 Bg5 27. h4 Bf6 28. Bxf6
Qxf6 29. Qxf6 gxf6 30. Re3 Rfc8 31. Nxc8 Rxc8 32. Rc1 d2 33. Rd1 Rxc4 34. Re8+
Kg7 35. Rxd2 Rxb4 36. f3 Rb5 37. Rd8 Rxa5 38. Rxd6 Rc5 39. Rd8 Rc1+ 40. Kf2 1-0

[Event "URU-chT"]
[Site "Paysandu"]
[Date "2012.08.05"]
[Round "4.4"]
[White "Chaparro, Richard"]
[Black "Coppola, Claudio"]
[Result "0-1"]
[WhiteElo "1923"]
[BlackElo "2132"]
[PlyCount "76"]
[EventDate "2012.08.03"]
[EventType "team-swiss"]
[EventRounds "5"]
[EventCountry "URU"]
[SourceTitle "OM OTB B 201907"]
[Source "Opening Master"]
[SourceDate "2019.07.06"]
[SourceVersion "2"]
[SourceVersionDate "2019.07.06"]
[SourceQuality "1"]

1. e4 c5 2. Nf3 d6 3. d4 cxd4 4. Nxd4 Nf6 5. Nc3 Nc6 6. Be2 e5 7. Nb3 Be7 8.
O-O O-O 9. Kh1 a5 10. a4 Nb4 11. f3 d5 12. exd5 Bf5 13. Bd3 Nxd3 14. cxd3 Nxd5
15. d4 Nxc3 16. bxc3 exd4 17. Nxd4 Bg6 18. Be3 Rc8 19. Qb3 Bf6 20. Rfd1 Qc7 21.
Rac1 Rfe8 22. Nb5 Qe7 23. Bf4 Bg5 24. Bxg5 Qxg5 25. Re1 Re2 26. Rg1 Rxg2 27.
Rxg2 Qxc1+ 28. Rg1 Qe3 29. Qd5 Qb6 30. Re1 h6 31. c4 Rd8 32. c5 Qf6 33. Nd6 b6
34. Re8+ Rxe8 35. Nxe8 Qa1+ 36. Kg2 bxc5 37. Qxc5 Qxa4 38. Nd6 Qc2+ 0-1

[Event "Medellin IRT op"]
[Site "Medellin"]
[Date "2012.08.04"]
[Round "2"]
[White "Santos Morales, Natalia Andrea"]
[Black "Osorio, Alejandro"]
[Result "1-0"]
[WhiteElo "2042"]
[BlackElo "1893"]
[PlyCount "90"]
[EventDate "2012.08.03"]
[EventType "swiss"]
[EventRounds "9"]
[EventCountry "COL"]
[SourceTitle "OM OTB B 201907"]
[Source "Opening Master"]
[SourceDate "2019.07.06"]
[SourceVersion "2"]
[SourceVersionDate "2019.07.06"]
[SourceQuality "1"]

1. e4 c5 2. Nf3 Nc6 3. d4 cxd4 4. Nxd4 Nf6 5. Nc3 d6 6. Be2 e5 7. Nb3 h6 8. f4
Be7 9. Be3 exf4 10. Bxf4 Be6 11. Qd2 a6 12. O-O-O Ne5 13. Nd4 Qa5 14. Nf5 Bxf5
15. exf5 O-O-O 16. Kb1 Rhe8 17. Rhe1 Bf8 18. h3 Kb8 19. Bf1 Rc8 20. Re3 Rc6 21.
g4 Rec8 22. Qd4 Nfd7 23. Bg3 f6 24. Bg2 Rc4 25. Qd5 Qxd5 26. Bxd5 R4c5 27. Be6
R8c6 28. Bxd7 Nxd7 29. Re8+ Rc8 30. Rxc8+ Kxc8 31. Ne4 Rc4 32. Nxd6+ Bxd6 33.
Rxd6 Re4 34. Kc1 Re3 35. Rd3 Re1+ 36. Kd2 Rg1 37. Rc3+ Kd8 38. Rd3 Kc8 39. Rc3+
Kd8 40. Bc7+ Kc8 41. Ba5+ Kb8 42. Rc7 Ne5 43. Rxg7 Nf3+ 44. Ke2 Nd4+ 45. Kf2
Rc1 1-0

[Event "Medellin IRT op"]
[Site "Medellin"]
[Date "2012.08.04"]
[Round "2"]
[White "Vasquez Martinez, Roberto Enr"]
[Black "Tovio, Israel"]
[Result "0-1"]
[WhiteElo "2090"]
[BlackElo "2267"]
[PlyCount "54"]
[EventDate "2012.08.03"]
[EventType "swiss"]
[EventRounds "9"]
[EventCountry "COL"]
[SourceTitle "OM OTB B 201907"]
[Source "Opening Master"]
[SourceDate "2019.07.06"]
[SourceVersion "2"]
[SourceVersionDate "2019.07.06"]
[SourceQuality "1"]

1. e4 c5 2. Nf3 d6 3. d4 cxd4 4. Nxd4 Nf6 5. Nc3 Nc6 6. Be2 e5 7. Ndb5 a6 8.
Na3 b5 9. Be3 b4 10. Nd5 bxa3 11. Bb6 axb2 12. Bxd8 bxa1=Q 13. Qxa1 Nxd5 14.
exd5 Nxd8 15. O-O Be7 16. f4 Bf6 17. Qe1 O-O 18. Qb4 Nb7 19. fxe5 Bxe5 20. Bd3
Nc5 21. Bc4 Bd7 22. Kh1 Rab8 23. Qa3 Rb2 24. Bb3 Nxb3 25. axb3 Rxc2 26. Qxa6
Rc5 27. Qb7 Bf5 0-1

[Event "20. ÇANAKKALE TROYA FESTÝVALÝ ULUSLA"]
[Site "?"]
[Date "2012.08.04"]
[Round "1.9"]
[White "Hatypodlu, Metyn"]
[Black "Qashashvili, Alexandre"]
[Result "0-1"]
[WhiteElo "1832"]
[BlackElo "2366"]
[PlyCount "78"]
[EventDate "2012.08.04"]
[EventRounds "4"]
[SourceTitle "OM OTB B 201907"]
[Source "Opening Master"]
[SourceDate "2019.07.06"]
[SourceVersion "2"]
[SourceVersionDate "2019.07.06"]
[SourceQuality "1"]

1. e4 c5 2. Nf3 d6 3. d4 cxd4 4. Nxd4 Nf6 5. Nc3 Nc6 6. Be2 e5 7. Nb3 Be7 8.
O-O O-O 9. Be3 a5 10. Nd2 Be6 11. f4 exf4 12. Rxf4 d5 13. exd5 Nxd5 14. Nxd5
Bxd5 15. c4 Be6 16. Ne4 Qc7 17. Qc2 f5 18. Nf2 Qe5 19. Rf3 f4 20. Nd3 Qe4 21.
Bf2 Rad8 22. Re1 Nd4 23. Bxd4 Qxd4+ 24. Nf2 Bc5 25. Rd1 Qe5 26. Kf1 Be3 27. Qb3
b6 28. Rd3 Rxd3 29. Bxd3 Rd8 30. Qc2 h6 31. b3 Qa1+ 32. Qb1 Qxb1+ 33. Bxb1 Rd2
34. Ke1 Rb2 35. Be4 Rxa2 36. Nd1 Bg4 37. Rxe3 fxe3 38. h3 Bxd1 39. Kxd1 Kf7 0-1

[Event "Autonómico Absoluto y Veteranos de Cas"]
[Site "Guadalajara"]
[Date "2012.08.03"]
[Round "3.3"]
[White "Fernandez Munoz, Emiliano"]
[Black "Moreno Ibanez, Miguel"]
[Result "0-1"]
[WhiteElo "1892"]
[BlackElo "2087"]
[PlyCount "122"]
[EventDate "2012.08.02"]
[EventRounds "6"]
[EventCountry "ESP"]
[SourceTitle "OM OTB B 201907"]
[Source "Opening Master"]
[SourceDate "2019.07.06"]
[SourceVersion "2"]
[SourceVersionDate "2019.07.06"]
[SourceQuality "1"]

1. Nc3 c5 2. e4 Nc6 3. Nf3 d6 4. d4 cxd4 5. Nxd4 Nf6 6. Be2 e5 7. Nf3 h6 8. h3
Be6 9. Be3 d5 10. exd5 Nxd5 11. Nxd5 Bxd5 12. Qd2 Bb4 13. c3 Be7 14. O-O Be6
15. Qxd8+ Kxd8 16. Bb5 f6 17. Nh4 Bd6 18. Nf3 f5 19. Rfd1 Kc7 20. Re1 Rhe8 21.
b3 g5 22. Bd2 Bd7 23. Bf1 Rac8 24. Rad1 e4 25. Nd4 Nxd4 26. cxd4 b5 27. Rc1+
Kb6 28. Rxc8 Bxc8 29. Bd3 Be6 30. Bb1 Bd5 31. f3 Bf4 32. Bc3 Bg3 33. Re2 Rc8
34. Bb2 exf3 35. gxf3 Rf8 36. Ba3 Rf7 37. Kg2 Bc7 38. Re7 Rf6 39. Bd3 g4 40.
Bc5+ Kb7 41. hxg4 fxg4 42. Be4 gxf3+ 43. Kf2 Bxe4 44. Rxe4 h5 45. d5 Rf5 46.
Re1 Rxd5 47. Be3 Rf5 48. Rh1 Bb6 49. Bxb6 Kxb6 50. Rh4 a5 51. Re4 b4 52. Rc4
Rc5 53. Rh4 Rc2+ 54. Kxf3 Rxa2 55. Rxh5 Ra3 56. Ke4 Rxb3 57. Kd4 Rc3 58. Rh6+
Kb5 59. Rh5+ Ka4 60. Rg5 Rc1 61. Rh5 b3 0-1

[Event "POL-chT U20 2nd div"]
[Site "Borowice"]
[Date "2012.07.28"]
[Round "10"]
[White "Jasnikowska, Malgorzata"]
[Black "Glapa, Anna"]
[Result "1/2-1/2"]
[WhiteElo "1722"]
[BlackElo "1594"]
[PlyCount "73"]
[EventDate "2012.07.21"]
[EventType "team-swiss"]
[EventRounds "11"]
[EventCountry "POL"]
[SourceTitle "OM OTB B 201907"]
[Source "Opening Master"]
[SourceDate "2019.07.06"]
[SourceVersion "2"]
[SourceVersionDate "2019.07.06"]
[SourceQuality "1"]

1. e4 c5 2. Nf3 Nc6 3. d4 cxd4 4. Nxd4 Nf6 5. Nc3 d6 6. Be2 e5 7. Nb3 Be7 8.
O-O O-O 9. Be3 Be6 10. f3 d5 11. exd5 Nxd5 12. Nxd5 Bxd5 13. Qd2 Be6 14. Qxd8
Rfxd8 15. Rad1 h6 16. Nc5 Bf5 17. c3 b6 18. Ne4 Be6 19. b3 f5 20. Nd2 Bf6 21.
g4 e4 22. gxf5 Bxf5 23. Nxe4 Bxe4 24. fxe4 Bxc3 25. Bc4+ Kh8 26. Bd5 Rac8 27.
Rf2 Re8 28. Rdf1 Nb4 29. Bb7 Rcd8 30. a3 Nc2 31. Bc1 Nd4 32. Bd5 Ne2+ 33. Kg2
Nxc1 34. Rxc1 Bb2 35. Rc7 a5 36. a4 Rf8 37. Rb7 1/2-1/2

[Event "Condino op 12th"]
[Site "Condino"]
[Date "2012.07.28"]
[Round "7"]
[White "Pedrotti, Luciano"]
[Black "Nepi, Ezio"]
[Result "0-1"]
[WhiteElo "1812"]
[BlackElo "1927"]
[PlyCount "64"]
[EventDate "2012.07.22"]
[EventType "swiss"]
[EventRounds "7"]
[EventCountry "ITA"]
[SourceTitle "OM OTB B 201907"]
[Source "Opening Master"]
[SourceDate "2019.07.06"]
[SourceVersion "2"]
[SourceVersionDate "2019.07.06"]
[SourceQuality "1"]

1. e4 c5 2. Nf3 d6 3. d4 cxd4 4. Nxd4 Nf6 5. Nc3 Nc6 6. Be2 e5 7. Nb3 Be7 8.
O-O O-O 9. Be3 a5 10. Bf3 a4 11. Nc1 a3 12. b3 Qa5 13. N1e2 Be6 14. Bd2 Qa6 15.
Ng3 Nd4 16. Nd5 Bxd5 17. exd5 Nd7 18. c3 Nxf3+ 19. Qxf3 g6 20. Bh6 Rfc8 21. c4
Bf8 22. Be3 f5 23. Bd2 Bg7 24. Rab1 b5 25. Rfc1 bxc4 26. bxc4 Nc5 27. Rb4 e4
28. Qd1 Nd3 29. Rcb1 Nxb4 30. Rxb4 Rxc4 31. Qb3 Rxb4 32. Bxb4 Qd3 0-1

[Event "Arad op"]
[Site "Arad"]
[Date "2012.07.27"]
[Round "1"]
[White "Chetrari, Nikita"]
[Black "Bida, Mihai Eugen"]
[Result "1-0"]
[WhiteElo "1748"]
[BlackElo "2206"]
[PlyCount "81"]
[EventDate "2012.07.27"]
[EventType "swiss"]
[EventRounds "9"]
[EventCountry "ROU"]
[SourceTitle "OM OTB B 201907"]
[Source "Opening Master"]
[SourceDate "2019.07.06"]
[SourceVersion "2"]
[SourceVersionDate "2019.07.06"]
[SourceQuality "1"]

1. e4 c5 2. Nf3 Nc6 3. d4 cxd4 4. Nxd4 Nf6 5. Nc3 d6 6. Be2 e5 7. Nb3 Be7 8.
Be3 O-O 9. O-O a5 10. f4 a4 11. fxe5 Nxe5 12. Nd4 Neg4 13. Bf4 Qb6 14. Kh1 Ne5
15. a3 h6 16. Bb5 Bg4 17. Qd2 Rfc8 18. h3 Bh5 19. Nf5 Bf8 20. Bxh6 gxh6 21.
Nxh6+ Bxh6 22. Qxh6 Rxc3 23. Rxf6 Bg6 24. bxc3 Qxb5 25. Rxd6 Qb2 26. Rad1 Rf8
27. Rd8 Qxa3 28. R1d6 Qxd6 29. Rxd6 a3 30. Qc1 Ra8 31. Qg5 Nc6 32. Rd1 Kg7 33.
h4 Ra5 34. Qg3 Kh7 35. Ra1 b5 36. Qd6 Bxe4 37. Rxa3 Rxa3 38. Qxa3 Bxc2 39. Qc5
Be4 40. Qh5+ Kg7 41. Qg4+ 1-0

[Event "Kecskemet Caissa IM 07"]
[Site "Kecskemet"]
[Date "2012.07.26"]
[Round "7.2"]
[White "Zhu, Yanshen"]
[Black "Sarosi, Zoltan"]
[Result "0-1"]
[WhiteElo "2179"]
[BlackElo "2266"]
[PlyCount "150"]
[EventDate "2012.07.21"]
[EventType "tourn"]
[EventRounds "10"]
[EventCountry "HUN"]
[SourceTitle "OM OTB B 201907"]
[Source "Opening Master"]
[SourceDate "2019.07.06"]
[SourceVersion "2"]
[SourceVersionDate "2019.07.06"]
[SourceQuality "1"]

1. e4 c5 2. Nf3 Nc6 3. d4 cxd4 4. Nxd4 Nf6 5. Nc3 d6 6. Be2 e5 7. Nf3 Be7 8.
O-O h6 9. h3 O-O 10. Re1 Be6 11. Bf1 Nb8 12. b3 Nbd7 13. a4 a6 14. Bb2 Qc7 15.
a5 Rac8 16. Nd2 Nb8 17. Nc4 Bxc4 18. Bxc4 Nc6 19. Nd5 Nxd5 20. Qxd5 Nb4 21. Qd2
Nc6 22. Red1 Rcd8 23. Bd5 Bg5 24. Qc3 Rc8 25. Bxc6 Qxc6 26. Qxc6 Rxc6 27. c4 b6
28. axb6 Rxb6 29. Ba3 Be7 30. b4 Rc8 31. Rac1 Rbc6 32. b5 Rb6 33. Rd5 Bg5 34.
Rcd1 Rxc4 35. bxa6 Rxa6 36. Bxd6 f6 37. g3 h5 38. f4 exf4 39. gxf4 Bh6 40. R5d4
Rxd6 41. Rxd6 Bxf4 42. Rd8+ Kh7 43. Re8 Rc3 44. Rf1 Be5 45. Rf5 Rxh3 46. Kg2
Rh4 47. Kf3 g6 48. Rfxe5 fxe5 49. Rxe5 Kg7 50. Re6 Kf7 51. Ra6 Rg4 52. Rb6 Rg5
53. Kf4 Rc5 54. Rb7+ Kf6 55. Rb6+ Kg7 56. Rb7+ Kh6 57. Rb6 Rc1 58. Rb5 Rf1+ 59.
Kg3 Rf6 60. Rb8 Re6 61. Kf4 Rf6+ 62. Kg3 Kg7 63. Rb7+ Rf7 64. Rb5 Rf1 65. Rb7+
Kf6 66. Rb6+ Ke5 67. Rb4 Rf6 68. Ra4 Rc6 69. Kh4 Kf4 70. Ra1 Rc2 71. Rf1+ Kxe4
72. Rg1 Kf5 73. Rf1+ Ke6 74. Re1+ Kf6 75. Rf1+ Kg7 0-1

[Event "Gdansk op 14th"]
[Site "Gdansk"]
[Date "2012.07.24"]
[Round "4"]
[White "Wyrwa, Zdzislaw"]
[Black "Gluszko, Monika"]
[Result "0-1"]
[WhiteElo "1946"]
[BlackElo "2015"]
[PlyCount "82"]
[EventDate "2012.07.22"]
[EventType "swiss"]
[EventRounds "9"]
[EventCountry "POL"]
[SourceTitle "OM OTB B 201907"]
[Source "Opening Master"]
[SourceDate "2019.07.06"]
[SourceVersion "2"]
[SourceVersionDate "2019.07.06"]
[SourceQuality "1"]

1. e4 c5 2. Nf3 d6 3. d4 cxd4 4. Nxd4 Nf6 5. Nc3 Nc6 6. Be2 e5 7. Nb3 Be7 8.
O-O O-O 9. Be3 a5 10. a4 Nb4 11. f4 Be6 12. Nc1 exf4 13. Rxf4 d5 14. e5 Nd7 15.
Bd4 Nc6 16. Nd3 Bg5 17. Bf3 Bxf4 18. Nxf4 Nxd4 19. Qxd4 Qb6 20. Qxb6 Nxb6 21.
Ncxd5 Bxd5 22. Nxd5 Nc4 23. Re1 Rae8 24. Nf4 Nxe5 25. Be4 Nc4 26. Nd3 Nd6 27.
Bd5 Rxe1+ 28. Nxe1 Re8 29. Kf1 Re5 30. Bf3 Re7 31. Nd3 Nc4 32. Kf2 b6 33. Bd5
Ne3 34. Bb3 Kf8 35. h3 f5 36. Nf4 Ke8 37. Kf3 Nd1 38. Nd3 g5 39. g3 Re3+ 40.
Kg2 Re2+ 41. Kg1 Ne3 0-1

[Event "POL-chT U20 2nd div"]
[Site "Borowice"]
[Date "2012.07.23"]
[Round "3"]
[White "Rogacka, Natalia"]
[Black "Warchol, Maria"]
[Result "0-1"]
[WhiteElo "1485"]
[BlackElo "1841"]
[PlyCount "58"]
[EventDate "2012.07.21"]
[EventType "team-swiss"]
[EventRounds "11"]
[EventCountry "POL"]
[SourceTitle "OM OTB B 201907"]
[Source "Opening Master"]
[SourceDate "2019.07.06"]
[SourceVersion "2"]
[SourceVersionDate "2019.07.06"]
[SourceQuality "1"]

1. e4 c5 2. Nf3 d6 3. d4 cxd4 4. Nxd4 Nf6 5. Nc3 Nc6 6. Be2 e5 7. Nb3 Be7 8.
O-O O-O 9. Bd3 a5 10. h3 a4 11. Nd2 Be6 12. a3 d5 13. exd5 Nxd5 14. Nxd5 Bxd5
15. Be4 f5 16. Bxd5+ Qxd5 17. Nf3 Qb5 18. b4 Rad8 19. Qe1 e4 20. Nd2 Qe5 21.
Ra2 Bd6 22. g3 Qe6 23. c4 b5 24. Ra1 bxc4 25. Bb2 Be5 26. Bxe5 Nxe5 27. Qc1
Rxd2 28. f4 Qd5 29. fxe5 e3 0-1

[Event "Pardubice Czech op 23rd"]
[Site "Pardubice"]
[Date "2012.07.22"]
[Round "3"]
[White "Pesotsky, Vitaly"]
[Black "Arun Prasad, Subramanian"]
[Result "1/2-1/2"]
[WhiteElo "2283"]
[BlackElo "2518"]
[PlyCount "87"]
[EventDate "2012.07.12"]
[EventType "swiss"]
[EventRounds "9"]
[EventCountry "CZE"]
[SourceTitle "OM OTB B 201907"]
[Source "Opening Master"]
[SourceDate "2019.07.06"]
[SourceVersion "2"]
[SourceVersionDate "2019.07.06"]
[SourceQuality "1"]

1. e4 c5 2. Nf3 d6 3. d4 cxd4 4. Nxd4 Nf6 5. Nc3 Nc6 6. Be2 e5 7. Nb3 Be7 8.
O-O O-O 9. Be3 a5 10. a3 Be6 11. Bf3 Nb8 12. Qe2 Nbd7 13. Rfd1 Qc7 14. Nd2 Rfc8
15. Rac1 a4 16. h3 Qa5 17. Nf1 Nb6 18. Bxb6 Qxb6 19. Rb1 Rc5 20. Ne3 g6 21. Bg4
Qc6 22. Bf3 Bf8 23. Rd3 b5 24. Ned5 Bxd5 25. Nxd5 Nxd5 26. Rxd5 Rxd5 27. exd5
Qc5 28. c3 f5 29. Qd1 Be7 30. Be2 Rb8 31. Bf1 e4 32. Qd2 Bf6 33. Re1 Kg7 34. g3
Re8 35. Kg2 Re5 36. Rd1 e3 37. fxe3 Rxe3 38. Qf2 Bg5 39. h4 Bd8 40. Rd3 Bb6 41.
Rxe3 Qxe3 42. Qxe3 Bxe3 43. Bxb5 Bc1 44. Bxa4 1/2-1/2